Irland-Quiz - Statistiken

Allgemein
  • Dieses Quiz wurde 7.537 mal gespielt
    955 seit der letzten Aktualisierung
  • Das Durchschnittsergebnis liegt bei 11 aus 20
Antwortstatistiken
Frage Antwort % Korrekt
Hauptstadt Dublin
100%
Pflanze, welche Irland symbolisiert {Klee}blatt
92%
Spitzname Irlands die {grüne} Insel
85%
Größte Fluggesellschaft, bekannt für ihren tiefen Preise Ryanair
79%
Bestverkaufendes irisches Bier Guinness
78%
Musikinstrument auf dem Wappen Harfe
74%
"Irland" in der Landessprache Irisch Éire
72%
Nationalheiliger, welcher angeblich die Iren zum Christentum konvertierte Hl. Patrick
72%
Größte christliche Glaubensgemeinschaft römisch- katholisch
62%
Zweitgrößte Stadt Cork
59%
Irische Stadt und Gedichtsform Limerick
58%
Erfolgreichste irische Rockband U2
53%
Priester der keltischen Religion Druide
47%
Ausbleibende Ernte: 1845-1852 Kartoffeln
41%
Dabei soll der obgenannte Heilige Irland von diesen Tieren befreit haben Schlangen
37%
Autor von Ulysses James Joyce
33%
Nationale Fluggesellschaft Aer Lingus
28%
Längster Fluss Shannon
25%
Jammernde Frau der irischen Mythologie Banshee
20%
Bestverkaufender irischer Whiskey Jameson
20%
Keine übereinstimmenden Quizze gefunden
Verteilung der Resultate
Anzahl Personen mit jedem Resultat
Perzentil nach korrekt beantworteten Fragen
Ihre Resultats-Entwicklung
Sie haben dieses Quiz seit der letzten Aktualisierung nicht gespielt